banner-ar

موسوعة علم العلاقات الدولية / (Record no. 59673)

MARC details
000 -الفاتح
حقل البيانات ثابتة الطول 00610nam a2200181Ia 4500
008 - عناصر البيانات ثابتة الطول - معلومات عامة
حقل البيانات ثابتة الطول 140319s9999 xx 000 0 ara d
040 ## - مصدر الفهرسة
وكالة الفهرسة الأصلية GCL /
وكالة النسخ GCL
082 04 - رقم تصنيف ديوى العشرى
رقم التصنيف م
رقم المادة 327.03
-- م م
100 1# - المدخل الرئيسى - إسم شخصى
الإسم الشخصى مصطفى عبدالله خشيم
245 10 - بيان العنوان
العنوان موسوعة علم العلاقات الدولية /
بيان المسئوليه,etc مصطفى عبدالله خشيم
300 ## - الوصف المادى
التعداد 384 ص
650 04 - المدخل الاضافى بالموضوع-مصطلح موضوعى
مصطلح موضوعي العلاقات الدولية
650 04 - المدخل الاضافى بالموضوع-مصطلح موضوعى
مصطلح موضوعي العلاقات الخارجية
650 04 - المدخل الاضافى بالموضوع-مصطلح موضوعى
مصطلح موضوعي العلاقات الدولية، علم
650 04 - المدخل الاضافى بالموضوع-مصطلح موضوعى
مصطلح موضوعي ليبيا - العلاقات الخارجية
942 ## - عناصر المدخل الإضافي( كوها)
مصدر التصنيف او مخطط الترفيف Dewey Decimal Classification
Koha [default] item type المراجع
Holdings
حالة التراجع حالة الفقد حالة تلف ليس للاعارة المكان المؤقت الموقع الحالى تاريخ الاكتساب اجمالي اﻻعارات رقم الطلب الباركود تاريخ اخر مشاهدة تاريخ تفعيل السعر نوع وعاء كوها
        مكتبة القاهرة الكبرى مكتبة القاهرة الكبرى 03/26/2014   م\327.03\م م 157876 03/26/2014 03/26/2014 المراجع
        مكتبة القاهرة الكبرى مكتبة القاهرة الكبرى 03/26/2014   م\327.03\م م 157877 03/26/2014 03/26/2014 المراجع
        مكتبة القاهرة الكبرى مكتبة القاهرة الكبرى 03/26/2014   م\327.03\م م 157878 03/26/2014 03/26/2014 المراجع
        مكتبة القاهرة الكبرى مكتبة القاهرة الكبرى 03/26/2014   م\327.03\م م 157879 03/26/2014 03/26/2014 المراجع
        مكتبة القاهرة الكبرى مكتبة القاهرة الكبرى 03/26/2014   م\327.03\م م 157880 03/26/2014 03/26/2014 المراجع
        مكتبة القاهرة الكبرى مكتبة القاهرة الكبرى 03/26/2014   م\327.03\م م 157881 03/26/2014 03/26/2014 المراجع
        مكتبة القاهرة الكبرى مكتبة القاهرة الكبرى 03/26/2014   م\327.03\م م 157882 03/26/2014 03/26/2014 المراجع
        مكتبة القاهرة الكبرى مكتبة القاهرة الكبرى 03/26/2014   م\327.03\م م 157883 03/26/2014 03/26/2014 المراجع
        مكتبة القاهرة الكبرى مكتبة القاهرة الكبرى 03/26/2014   م\327.03\م م 157884 03/26/2014 03/26/2014 المراجع
        مكتبة القاهرة الكبرى مكتبة القاهرة الكبرى 03/26/2014   م\327.03\م م 157885 03/26/2014 03/26/2014 المراجع
        مكتبة القاهرة الكبرى مكتبة القاهرة الكبرى 03/26/2014   م\327.03\م م 157886 03/26/2014 03/26/2014 المراجع
        مكتبة القاهرة الكبرى مكتبة القاهرة الكبرى 03/26/2014   م\327.03\م م 157887 03/26/2014 03/26/2014 المراجع
        مكتبة القاهرة الكبرى مكتبة القاهرة الكبرى 03/26/2014   م\327.03\م م 157888 03/26/2014 03/26/2014 المراجع
        مكتبة القاهرة الكبرى مكتبة القاهرة الكبرى 03/26/2014   م\327.03\م م 157889 03/26/2014 03/26/2014 المراجع
        مكتبة القاهرة الكبرى مكتبة القاهرة الكبرى 03/26/2014   م\327.03\م م 157890 03/26/2014 03/26/2014 المراجع
        مكتبة القاهرة الكبرى مكتبة القاهرة الكبرى 03/26/2014   م\327.03\م م 157891 03/26/2014 03/26/2014 المراجع
        مكتبة القاهرة الكبرى مكتبة القاهرة الكبرى 03/26/2014   م\327.03\م م 157892 03/26/2014 03/26/2014 المراجع

Powered By

EGPV